Sports Quiz

Random Sports Quiz

Cooper Formula One drivers Quiz Stats

 Plays Quiz not verified by Sporcle

Score 0/33 Timer 15:00
0 Plays Today
Nationality Name % Correct
AustraliaJack Brabham
93.5%
Great BritainStirling Moss
90.7%
New ZealandBruce Mclaren
88.8%
MexicoPedro Rodriguez
87.9%
AustriaJochen Rindt
82.2%
USAPhil Hill
80.4%
BelgiumJacky Ickx
74.8%
New ZealandChris Amon
72.9%
USARichie Ginther
70.1%
Great BritainJohn Surtees
57%
South AfricaTony Maggs
52.3%
Great BritainRoy Salvadori
48.6%
USAMasten Gregory
43%
ItalyLudovico Scarfiotti
40.2%
Great BritainVic Elford
31.8%
BelgiumLucien Bianchi
29.9%
MexicoMoises Solana
27.1%
Nationality Name % Correct
Great BritainRichard Attwood
26.2%
FranceJohnny Servoz-Gavin
26.2%
Great BritainBrian Redman
22.4%
Great BritainRon Flockhart
19.6%
Great BritainJack Fairman
17.8%
Great BritainAlan Brown
15%
ItalyGiorgio Scarlatti
12.1%
ArgentinaAdolfo Schwelm-Cruz
9.3%
Great BriatinKen Wharton
9.3%
USATim Mayer
9.3%
Great BritainAlan Rees
9.3%
Great BritainJohn Barber
8.4%
USAChuck Daigh
8.4%
Great BritainRobin Widdows
8.4%
Great BritainMike Macdowell
7.5%
Great BritainIan Burgess
6.5%

You're not logged in!

Compare scores with friends on all Sporcle quizzes.
OR
Log In

Show Comments

Extras

Top Quizzes Today


Score Distribution

Your Account Isn't Verified!

In order to create a playlist on Sporcle, you need to verify the email address you used during registration. Go to your Sporcle Settings to finish the process.

Report this User

Report this user for behavior that violates our Community Guidelines.

Details: